Slovenská technická univerzita v Bratislave - 60 rokov

Bibliographic Details
Main Author: Hudoba, Igor, 1946- (Author)
Corporate Author: Slovenská technická univerzita v Bratislave (Author)
Other Authors: Andrejčák, Tibor, 1940- (Photographer), Gottlieber, V. (Photographer), Ladziansky, Ivan (Photographer), Slimáková, M. (Photographer), Čisáriková, Emília (Illustrator), Sikorová, Tatiana (Compiler)
Format: Book
Language:Slovak
Published: Bratislava Slovenská technická univerzita c1997
Subjects:

MARC

LEADER 00000nam a2200000 a 4500
001 vtls001312088
003 SK-MaSNL
005 20260301005144.0
008 240226s1997 xo a y slo
015 |a SNBE1998/02-00747 
020 |a 8022709735 
035 |a SNK000264483 
035 |a urn:nbn:sk:snk-amk2f5 
035 |a urn:nbn:sk:snk-am004w2u 
035 |a B6288E4B-CF16-4FC9-BCFE-56CB1E7230E0 
040 |a SNK  |b slo  |c SNK  |e AACR2 
041 0 |a slo 
044 |a xo  |c SK 
080 |a 378.4.096:62(085)"1938/1998"  |2 1981 
110 2 |a Slovenská technická univerzita v Bratislave  |4 aut  |9 239337 
245 1 0 |a Slovenská technická univerzita v Bratislave - 60 rokov  |c autori Igor Hudoba ... [et al.] ; zostavovateľka Tatiana Sikorová ; autori fotografií T. Andrejčák ... [et al.] ; grafická úprava Emília Čisáriková 
260 |a Bratislava  |b Slovenská technická univerzita  |c c1997 
300 |a 233 s.  |b fotogr.  |c 24 cm  |e [1. ] voľ. príl. 
500 |a 2500 výt. 
610 2 7 |a Slovenská technická univerzita v Bratislave  |9 239337 
648 7 |a 1937-1997  |2 SNK  |9 289048 
655 7 |a pamätnice  |2 SNK  |9 282423 
700 1 |a Andrejčák, Tibor,  |d 1940-  |4 pht  |9 200020 
700 1 |a Gottlieber, V.  |4 pht  |9 43955 
700 1 |a Ladziansky, Ivan  |4 pht  |9 45198 
700 1 |a Slimáková, M.  |4 pht  |9 46850 
700 1 |a Čisáriková, Emília  |4 ill  |9 289049 
700 1 |a Hudoba, Igor,  |d 1946-  |4 aut  |9 213484 
700 1 |a Sikorová, Tatiana  |4 com  |9 6851 
919 |a 80-227-0973-5 
958 |a TL 
999 |c 544337  |d 546267 
952 |a SNK  |b SNK  |y PREZ  |7 0  |p 17A0108378  |o snkSC 94560  |i snkKSP 11751/97  |0 0  |1 0  |4 0  |d 1997-11-28  |f 1  |l 0  |r 2025-09-12 00:00:00  |w 2026-02-23 
952 |a SNK  |b SNK  |y VYP  |7 0  |p 17A0108377  |o snkSC 94560 D1  |i snkKSP 11752/97  |3 Obsahuje prílohu 1ks  |z Obsahuje prílohu 1ks  |0 0  |1 0  |4 0  |d 1997-11-28  |l 0  |r 2005-01-02 00:00:00  |w 2026-02-23 
952 |t P60, <09>, [BOOK], {629}  |a SNK  |b SNK  |y NEVYP  |7 0  |o snkC 35  |i snk46/20000117  |0 0  |1 0  |4 0  |d 2000-01-13  |l 0  |r 2005-01-02 00:00:00  |w 2026-02-23 
952 |a SNK  |b SNK  |y VYP  |7 0  |p 17A1317659  |o snkSC 94560/pril. D1  |i snkKSP 11752/97  |3 Príloha 1ks  |z Príloha 1ks  |0 0  |1 0  |4 0  |d 2024-11-19  |l 0  |r 2026-02-23 12:50:33  |w 2026-02-23 
952 |a SNK  |b SNK  |y PREZ  |7 0  |p 17A1023663  |o snkSC 94560 príl.  |i snkKSP 11751/97  |3 Príloha: Vývoj organizačnej štruktúry 1 voľ. list  |z Príloha: Vývoj organizačnej štruktúry 1 voľ. list  |0 0  |1 0  |4 0  |d 2013-11-20  |l 0  |r 2025-09-12 00:00:00  |w 2026-02-23